[Event "DEM U18w 2023"]
[Site "Willingen GER"]
[Date "2023.05.29"]
[Round "3"]
[White "Kalina, Lena"]
[Black "Zöllner, Bente"]
[Result "1-0"]
[Termination "normal"]
[Board "6"]
[WhiteElo "1776"]
[BlackElo "1700"]
[WhiteClock "00:04:08"]
[BlackClock "00:12:16"]
[PlyCount "63"]
[WhiteFideId "12988014"]
[BlackFideId "16230523"]
[EventCountry "GER"]
[EventRounds "9"]
[EventType "swiss"]
[EventDate "2023.05.27"]

1. c4 {[%clk 01:30:57]} {[%emt 00:00:03]} c5 {[%clk 01:30:52]} {[%emt
00:00:12]} 2. Nf3 {[%clk 01:31:20]} {[%emt 00:00:12]} Nf6 {[%clk 01:31:12]}
{[%emt 00:00:16]} 3. Nc3 {[%clk 01:31:36]} {[%emt 00:00:20]} Nc6 {[%clk
01:31:11]} {[%emt 00:00:28]} 4. d4 {[%clk 01:31:28]} {[%emt 00:00:27]} cxd4
{[%clk 01:30:40]} {[%emt 00:00:55]} 5. Nxd4 {[%clk 01:31:46]} {[%emt 00:00:11]}
d6 {[%clk 01:29:39]} {[%emt 00:01:32]} 6. g3 {[%clk 01:26:36]} {[%emt
00:05:40]} g6 {[%clk 01:29:05]} {[%emt 00:01:05]} 7. Bg2 {[%clk 01:25:33]}
{[%emt 00:01:34]} Bd7 {[%clk 01:29:02]} {[%emt 00:00:32]} 8. b3 {[%clk
01:18:48]} {[%emt 00:07:15]} Bg7 {[%clk 01:26:36]} {[%emt 00:02:55]} 9. Bb2
{[%clk 01:17:58]} {[%emt 00:01:20]} O-O {[%clk 01:26:10]} {[%emt 00:00:55]} 10.
O-O {[%clk 01:16:08]} {[%emt 00:02:22]} Rb8 {[%clk 01:24:19]} {[%emt 00:02:20]}
11. Nc2 {[%clk 00:59:12]} {[%emt 00:17:27]} Qc8 {[%clk 01:20:21]} {[%emt
00:04:27]} 12. Re1 {[%clk 00:55:05]} {[%emt 00:04:37]} Bh3 {[%clk 01:18:38]}
{[%emt 00:02:13]} 13. Bh1 {[%clk 00:54:55]} {[%emt 00:00:41]} Ng4 {[%clk
01:09:54]} {[%emt 00:09:13]} 14. e4 {[%clk 00:47:55]} {[%emt 00:07:31]} Nce5
{[%clk 01:04:02]} {[%emt 00:06:22]} 15. Nd5 {[%clk 00:44:48]} {[%emt 00:03:36]}
Re8 {[%clk 00:59:49]} {[%emt 00:04:43]} 16. Bd4 {[%clk 00:43:54]} {[%emt
00:01:24]} Nf6 {[%clk 00:50:42]} {[%emt 00:09:37]} 17. Nce3 {[%clk 00:36:48]}
{[%emt 00:07:36]} Nc6 {[%clk 00:46:39]} {[%emt 00:04:33]} 18. Nxf6+ {[%clk
00:34:52]} {[%emt 00:02:26]} exf6 {[%clk 00:45:31]} {[%emt 00:01:38]} 19. Bb2
{[%clk 00:31:31]} {[%emt 00:03:52]} Rd8 {[%clk 00:44:23]} {[%emt 00:01:37]} 20.
Nd5 {[%emt 00:10:57]} Qe6 {[%clk 00:38:46]} {[%emt 00:00:02]} 21. Qc2 {[%clk
00:21:09]} {[%emt 00:06:31]} f5 {[%clk 00:34:26]} {[%emt 00:04:49]} 22. Bxg7
{[%clk 00:20:04]} {[%emt 00:01:35]} Kxg7 {[%clk 00:34:46]} {[%emt 00:00:10]}
23. exf5 {[%clk 00:19:26]} {[%emt 00:01:09]} Qxf5 {[%clk 00:34:29]} {[%emt
00:00:46]} 24. Qc3+ {[%clk 00:17:10]} {[%emt 00:02:46]} f6 {[%clk 00:33:20]}
{[%emt 00:01:38]} 25. Re3 {[%clk 00:08:33]} {[%emt 00:09:08]} Ne5 {[%clk
00:28:03]} {[%emt 00:05:46]} 26. f4 {[%clk 00:06:15]} {[%emt 00:02:49]} Nd7
{[%clk 00:17:16]} {[%emt 00:11:17]} 27. Re7+ {[%clk 00:05:36]} {[%emt
00:01:09]} Kh6 {[%clk 00:14:58]} {[%emt 00:02:48]} 28. Be4 {[%clk 00:05:01]}
{[%emt 00:01:06]} Qh5 {[%clk 00:13:48]} {[%emt 00:01:39]} 29. Nxf6 {[%clk
00:03:49]} {[%emt 00:01:42]} Nxf6 {[%clk 00:12:13]} {[%emt 00:02:05]} 30. Qxf6
{[%clk 00:04:02]} {[%emt 00:00:17]} Qc5+ {[%clk 00:12:20]} {[%emt 00:00:23]}
31. Kh1 {[%clk 00:04:23]} {[%emt 00:00:08]} Rh8 {[%clk 00:12:16]} {[%emt
00:00:33]} 32. Rxh7+ {[%clk 00:04:08]} {[%emt 00:00:46]} 1-0

[Event "DEM U18w 2023"]
[Site "Willingen GER"]
[Date "2023.05.29"]
[Round "3"]
[White "Avetyan, Manan"]
[Black "Derling, Charlotte"]
[Result "0-1"]
[Termination "normal"]
[Board "10"]
[WhiteElo "1368"]
[BlackElo "1664"]
[WhiteClock "00:01:44"]
[BlackClock "00:05:29"]
[PlyCount "125"]
[WhiteFideId "16244737"]
[BlackFideId "16222237"]
[EventCountry "GER"]
[EventRounds "9"]
[EventType "swiss"]
[EventDate "2023.05.27"]

1. e4 {[%clk 01:30:58]} {[%emt 00:00:02]} c5 {[%clk 01:30:56]} {[%emt
00:00:05]} 2. Nf3 {[%clk 01:31:22]} {[%emt 00:00:08]} d6 {[%clk 01:31:20]}
{[%emt 00:00:10]} 3. d4 {[%clk 01:31:47]} {[%emt 00:00:10]} cxd4 {[%clk
01:31:45]} {[%emt 00:00:08]} 4. Nxd4 {[%clk 01:32:12]} {[%emt 00:00:07]} Nf6
{[%clk 01:32:09]} {[%emt 00:00:09]} 5. Nc3 {[%clk 01:32:36]} {[%emt 00:00:08]}
g6 {[%clk 01:32:33]} {[%emt 00:00:07]} 6. Bg5 {[%clk 01:32:48]} {[%emt
00:00:13]} Bg7 {[%clk 01:32:49]} {[%emt 00:00:11]} 7. Bb5+ {[%clk 01:33:12]}
{[%emt 00:00:05]} Nbd7 {[%clk 01:20:23]} {[%emt 00:12:42]} 8. Qe2 {[%clk
01:33:00]} {[%emt 00:00:42]} a6 {[%clk 01:10:19]} {[%emt 00:10:33]} 9. Bxd7+
{[%clk 01:33:08]} {[%emt 00:00:21]} Nxd7 {[%clk 01:04:04]} {[%emt 00:06:45]}
10. O-O-O {[%clk 01:28:58]} {[%emt 00:04:41]} O-O {[%clk 00:54:17]} {[%emt
00:10:17]} 11. f4 {[%clk 01:07:11]} {[%emt 00:22:18]} Nc5 {[%clk 00:46:34]}
{[%emt 00:08:12]} 12. Nd5 {[%clk 00:53:03]} {[%emt 00:14:38]} f6 {[%clk
00:37:42]} {[%emt 00:09:22]} 13. Bh4 {[%clk 00:48:53]} {[%emt 00:04:40]} Ne6
{[%clk 00:35:22]} {[%emt 00:02:50]} 14. Nb3 {[%clk 00:46:20]} {[%emt 00:03:03]}
Nc7 {[%clk 00:29:02]} {[%emt 00:06:50]} 15. Qc4 {[%clk 00:37:50]} {[%emt
00:09:00]} Nxd5 {[%clk 00:27:56]} {[%emt 00:01:36]} 16. Qxd5+ {[%clk 00:37:32]}
{[%emt 00:00:48]} Kh8 {[%clk 00:28:06]} {[%emt 00:00:19]} 17. Rhe1 {[%clk
00:27:05]} {[%emt 00:10:58]} Qc7 {[%clk 00:25:54]} {[%emt 00:02:41]} 18. Bg3
{[%clk 00:21:40]} {[%emt 00:05:55]} Bd7 {[%clk 00:24:54]} {[%emt 00:01:29]} 19.
Nd4 {[%clk 00:16:01]} {[%emt 00:06:09]} Rac8 {[%clk 00:23:34]} {[%emt
00:01:50]} 20. Rd2 {[%clk 00:14:18]} {[%emt 00:02:14]} b5 {[%clk 00:19:09]}
{[%emt 00:04:55]} 21. Kb1 {[%clk 00:10:16]} {[%emt 00:04:32]} Qc4 {[%clk
00:16:42]} {[%emt 00:02:56]} 22. Qxc4 {[%clk 00:09:36]} {[%emt 00:01:11]} Rxc4
{[%clk 00:16:38]} {[%emt 00:00:34]} 23. e5 {[%clk 00:08:10]} {[%emt 00:01:56]}
dxe5 {[%clk 00:14:36]} {[%emt 00:02:33]} 24. fxe5 {[%clk 00:08:37]} {[%emt
00:00:02]} fxe5 {[%clk 00:12:45]} {[%emt 00:02:21]} 25. Nf3 {[%clk 00:07:49]}
{[%emt 00:01:19]} Bf5 {[%clk 00:10:43]} {[%emt 00:02:32]} 26. Bxe5 {[%clk
00:06:15]} {[%emt 00:02:05]} Bxe5 {[%clk 00:08:57]} {[%emt 00:02:15]} 27. Rxe5
{[%clk 00:06:42]} {[%emt 00:00:02]} Re4 {[%clk 00:08:46]} {[%emt 00:00:41]} 28.
Rdd5 {[%clk 00:04:08]} {[%emt 00:03:05]} Kg7 {[%clk 00:06:04]} {[%emt
00:03:12]} 29. Rc5 {[%clk 00:02:10]} {[%emt 00:02:28]} Rd8 {[%clk 00:05:37]}
{[%emt 00:00:57]} 30. Kc1 {[%clk 00:02:33]} {[%emt 00:00:07]} Rxe5 {[%clk
00:03:57]} {[%emt 00:02:09]} 31. Rxe5 {[%clk 00:02:44]} {[%emt 00:00:19]} Kf6
{[%clk 00:04:11]} {[%emt 00:00:15]} 32. Re3 {[%clk 00:02:38]} {[%emt 00:00:36]}
Rc8 {[%clk 00:03:51]} {[%emt 00:00:50]} 33. Nd4 {[%clk 00:02:23]} {[%emt
00:00:46]} Rc4 {[%clk 00:03:58]} {[%emt 00:00:22]} 34. Nxf5 {[%clk 00:02:14]}
{[%emt 00:00:40]} gxf5 {[%clk 00:04:09]} {[%emt 00:00:19]} 35. g3 {[%clk
00:01:55]} {[%emt 00:00:48]} Rd4 {[%clk 00:03:41]} {[%emt 00:00:57]} 36. c3
{[%clk 00:01:03]} {[%emt 00:01:22]} Rd6 {[%clk 00:03:28]} {[%emt 00:00:43]} 37.
Kc2 {[%clk 00:01:20]} {[%emt 00:00:14]} e5 {[%clk 00:03:44]} {[%emt 00:00:14]}
38. b3 {[%clk 00:00:53]} {[%emt 00:00:57]} f4 {[%clk 00:02:12]} {[%emt
00:02:02]} 39. Rf3 {[%clk 00:00:37]} {[%emt 00:00:47]} Kf5 {[%clk 00:02:03]}
{[%emt 00:00:38]} 40. gxf4 {[%clk 00:00:35]} {[%emt 00:00:32]} exf4 {[%clk
00:01:59]} {[%emt 00:00:34]} 41. c4 {[%clk 00:18:49]} {[%emt 00:12:16]} bxc4
{[%clk 00:24:57]} {[%emt 00:07:32]} 42. bxc4 {[%clk 00:18:57]} {[%emt
00:00:22]} Ke4 {[%clk 00:20:18]} {[%emt 00:05:09]} 43. c5 {[%clk 00:13:09]}
{[%emt 00:06:19]} Rc6 {[%clk 00:15:26]} {[%emt 00:05:21]} 44. Rc3 {[%clk
00:13:08]} {[%emt 00:00:31]} Kd4 {[%clk 00:14:06]} {[%emt 00:01:50]} 45. Rd3+
{[%clk 00:02:41]} {[%emt 00:10:57]} Kxc5 {[%clk 00:13:12]} {[%emt 00:01:25]}
46. Rc3+ {[%clk 00:02:35]} {[%emt 00:00:34]} Kd5 {[%clk 00:13:17]} {[%emt
00:00:26]} 47. Rxc6 {[%clk 00:02:32]} {[%emt 00:00:34]} Kxc6 {[%clk 00:13:26]}
{[%emt 00:00:20]} 48. Kd3 {[%clk 00:02:40]} {[%emt 00:00:23]} Kd5 {[%clk
00:09:02]} {[%emt 00:04:54]} 49. Ke2 {[%clk 00:02:58]} {[%emt 00:00:12]} Ke4
{[%clk 00:08:32]} {[%emt 00:01:02]} 50. Kf2 {[%clk 00:03:17]} {[%emt 00:00:13]}
h5 {[%clk 00:07:49]} {[%emt 00:01:08]} 51. a3 {[%clk 00:01:59]} {[%emt
00:01:48]} f3 {[%clk 00:07:13]} {[%emt 00:01:05]} 52. Kf1 {[%clk 00:02:27]}
{[%emt 00:00:03]} Kf4 {[%clk 00:04:29]} {[%emt 00:03:13]} 53. a4 {[%clk
00:01:09]} {[%emt 00:01:49]} Ke3 {[%clk 00:03:38]} {[%emt 00:01:20]} 54. Ke1
{[%clk 00:00:34]} {[%emt 00:01:06]} a5 {[%clk 00:03:40]} {[%emt 00:00:28]} 55.
h4 {[%clk 00:00:33]} {[%emt 00:00:30]} Kf4 {[%clk 00:03:59]} {[%emt 00:00:11]}
56. Kf1 {[%clk 00:00:34]} {[%emt 00:00:30]} Kg3 {[%clk 00:04:12]} {[%emt
00:00:16]} 57. Kg1 {[%clk 00:00:58]} {[%emt 00:00:06]} Kxh4 {[%clk 00:04:35]}
{[%emt 00:00:07]} 58. Kf2 {[%clk 00:00:34]} {[%emt 00:00:54]} Kg4 {[%clk
00:04:43]} {[%emt 00:00:22]} 59. Kf1 {[%clk 00:00:31]} {[%emt 00:00:33]} Kg3
{[%clk 00:04:51]} {[%emt 00:00:22]} 60. Kg1 {[%clk 00:00:55]} {[%emt 00:00:06]}
f2+ {[%clk 00:05:05]} {[%emt 00:00:15]} 61. Kf1 {[%clk 00:01:20]} {[%emt
00:00:05]} h4 {[%clk 00:05:14]} {[%emt 00:00:22]} 62. Ke2 {[%clk 00:01:44]}
{[%emt 00:00:06]} Kg2 {[%clk 00:05:29]} {[%emt 00:00:14]} 63. Ke1 {[%emt
00:00:07]} 0-1